| 000 | 00653nam a2200193 a 4500 | ||
|---|---|---|---|
| 005 | 20230421063526.0 | ||
| 008 | 991125s1965 ag 000 0 spa u | ||
| 035 | _aUPN01000029169 | ||
| 049 | _aCG | ||
| 050 | 4 |
_aE837 _bK6.38 |
|
| 100 | 1 | _aKornitzer, Bela | |
| 245 | 1 | 0 |
_aIke y sus 4 hermanos : _bun auténtico, esclarecedor y sincero retrato familiar / _cBela Kornitzer ; tr. Dora Martínez Díaz de Vivar. |
| 260 |
_aBuenos Aires : _bAgora, _c1965. |
||
| 300 |
_a122 p. : _bil. |
||
| 440 | 0 |
_a[Publicaciones] Agora ; _v1 |
|
| 600 | 1 | 4 |
_aEISENHOWER, DWIGHT DAVID, _d1890-1969 _920107 |
| 650 | 7 |
_aPresidentes _zEstados Unidos _2 _915561 |
|
| 905 | _aLibro | ||
| 999 |
_c29169 _d29169 |
||